|
|
|
|
| LEADER |
02011cas a2200313 a 4500 |
| 001 |
AALejournalIMF003098 |
| 008 |
230101c9999 xx r poo 0 0eng d |
| 020 |
|
|
|c 5.00 USD
|
| 020 |
|
|
|z 9781451855845
|
| 022 |
|
|
|a 1018-5941
|
| 040 |
|
|
|a BD-DhAAL
|c BD-DhAAL
|
| 100 |
1 |
|
|a Cashin, Paul.
|
| 245 |
1 |
0 |
|a Caribbean Business Cycles /
|c Paul Cashin.
|
| 264 |
|
1 |
|a Washington, D.C. :
|b International Monetary Fund,
|c 2004.
|
| 300 |
|
|
|a 1 online resource (41 pages)
|
| 490 |
1 |
|
|a IMF Working Papers
|
| 500 |
|
|
|a <strong>Off-Campus Access:</strong> No User ID or Password Required
|
| 500 |
|
|
|a <strong>On-Campus Access:</strong> No User ID or Password Required
|
| 506 |
|
|
|a Electronic access restricted to authorized BRAC University faculty, staff and students
|
| 520 |
3 |
|
|a This paper identifies and describes key features of Caribbean business cycles during the period 1963-2003. In particular, the chronologies in the Caribbean classical cycle (expansions and contractions in the level of output) and growth cycle (periods of above-trend and below-trend rates of economic growth) are identified. It is found that Caribbean classical cycles are longer-lived than those of developed countries and non-Caribbean developing countries. While there are large asymmetries in the duration and amplitude of phases in the Caribbean classical cycle, on both measures the Caribbean growth cycle is much more symmetric. Further, there is some evidence of synchronization among the classical cycles of Caribbean countries, and stronger evidence of synchronization of Caribbean growth cycles.
|
| 538 |
|
|
|a Mode of access: Internet
|
| 650 |
|
7 |
|a Growth Cycle
|2 imf
|
| 650 |
|
7 |
|a Null Hypothesis
|2 imf
|
| 650 |
|
7 |
|a Rank Correlation
|2 imf
|
| 650 |
|
7 |
|a Standard Deviation
|2 imf
|
| 650 |
|
7 |
|a WP
|2 imf
|
| 651 |
|
7 |
|a United States
|2 imf
|
| 830 |
|
0 |
|a IMF Working Papers; Working Paper ;
|v No. 2004/136
|
| 856 |
4 |
0 |
|z Full text available on IMF
|u http://elibrary.imf.org/view/journals/001/2004/136/001.2004.issue-136-en.xml
|z IMF e-Library
|